Random Asian cities to Random Asian cities - Statistics

General Stats
  • This quiz has been taken 8 times
  • The average score is 13 of 15
Answer Stats
City Country % Correct
Nanjing China
100%
Lahore Pakistan
100%
Omsk Russia
100%
Damascus Syria
100%
Dubai UAE
100%
Da Nang Vietnam
100%
Chittagong Bangladesh
88%
Bandar Lampung Indonesia
88%
Astana Kazakhstan
88%
Vientiane Laos
88%
Sana Yemen
88%
Mandalay Myanmar
75%
Cebu Philippines
75%
Inchon South Korea
75%
Dhahran Saudi Arabia
63%
No matching quizzes found
Score Distribution
Percent of People with Each Score
Percentile by Number Answered
Your Score History
You have not taken this quiz